000 00970 a2200217 4500
999 _c8090
_d8090
005 20181106152240.0
010 _aHIN-81294
020 _a8171380492
_c200.00
035 _aHN-53640
035 _aB-240680
035 _aB-240683
037 _bD.B.Act / pub
082 _a425.2
100 _aभटनागर, राजेन्द्र मोहन
245 _aसामयिक हिन्दी पत्र- लेखन
_cराजेन्द्र मोहन भटनागर
246 _aSamayik Hindi Patra-Lekhan
_bby Rajendra Mohan Bhatnagar
260 _aनई दिल्ली
_bसामयिक प्रकाशन
_c2007
270 _a3320-21, जटवाड़ा, नेताजी सुभाष मार्ग, दरियागंज
_bनई दिल्ली
_e110002
300 _a224पृ
_c22 सेमी (सजिल्द)
942 _adpl
_cHN
_k425.2 / भटना
_2ddc
_h425.2
_mभटना